National conference on "Dynamical systems and its applications": (Record no. 193726)
[ view plain ]
| 000 -LEADER | |
|---|---|
| fixed length control field | 00697nam a22001937a 4500 |
| 005 - DATE AND TIME OF LATEST TRANSACTION | |
| control field | 20230317171130.0 |
| 010 ## - LCCN (DPL NO) | |
| LC control number | ENG-135668 |
| 020 ## - INTERNATIONAL STANDARD BOOK NUMBER | |
| International Standard Book Number | 9788193993644 |
| Terms of availability | 350.00 |
| 035 ## - SYSTEM CONTROL NUMBER | |
| System control number | EN-119200 |
| 037 ## - SOURCE OF ACQUISITION | |
| Source of stock number/acquisition | DBAD/PUB |
| 082 ## - DEWEY DECIMAL CLASSIFICATION NUMBER | |
| Classification number | 531 |
| 245 ## - TITLE STATEMENT | |
| Title | National conference on "Dynamical systems and its applications": |
| Remainder of title | NCDSA' 19 / |
| 260 ## - PUBLICATION, DISTRIBUTION, ETC. (IMPRINT) | |
| Place of publication, distribution, etc | Coimbatore |
| Name of publisher, distributor, etc | Blue hill publishers |
| Date of publication, distribution, etc | 2019 |
| 270 ## - ADDRESS | |
| Address | Coimbatore |
| City | Tamilnadu |
| Postal code | 641113 |
| Telephone number | 0422-4303300 |
| Electronic mail address | principal@psgcas.ac.in |
| 300 ## - PHYSICAL DESCRIPTION | |
| Extent | 153p. |
| Dimensions | 25cm(pbk) |
| 611 ## - SUBJECT ADDED ENTRY--MEETING NAME | |
| Source of heading or term | Dynamical systems and its applications |
| Location of meeting | Department of Mathematics with computer application |
| Geographic subdivision | Coimbatore |
| 650 ## - SUBJECT ADDED ENTRY--TOPICAL TERM | |
| Topical term or geographic name as entry element | Dynamical Systems |
| 942 ## - ADDED ENTRY ELEMENTS (KOHA) | |
| Source of classification or shelving scheme | Dewey Decimal Classification |
| Item type | English Books |
| Call number suffix | NAT |
| Classification part | 531 |
| Withdrawn status | Lost status | Not for loan | Collection code | Home library | Current library | Date acquired | Source of acquisition | Cost, normal purchase price | Full call number | Barcode | Copy number | Cost, replacement price | Koha item type |
|---|---|---|---|---|---|---|---|---|---|---|---|---|---|
| Non-fiction | Katevara | Katevara | 11/11/2022 | DBAD/PUB | 350.00 | 531 NAT | EN-119200 | 1 | 350.00 | English Books |
